| 000 | 01154cam a2200361 a 4500 | ||
|---|---|---|---|
| 001 | 4584 | ||
| 003 | FISKH | ||
| 005 | 20240917121253.0 | ||
| 008 | 850322s1985 nyua j 000 1 eng | ||
| 010 | _a 85042611 | ||
| 020 | _a0060223537 : | ||
| 020 | _a0060223545 (lib. bdg.) : | ||
| 040 |
_aDLC _cDLC _dDLC _beng |
||
| 050 | _aPZ7.H635 | ||
| 082 | _a372.64 | ||
| 100 | 1 | _aHoban, Lillian. | |
| 245 | 1 | 0 |
_aArthur's loose tooth : _bstory and pictures / _cby Lillian Hoban. |
| 260 |
_aNew York : _bHarper & Row, _c1985. |
||
| 300 |
_a64 pages : _bcolor illustrations ; _c22 cm |
||
| 440 | 3 | _aAn I can read book | |
| 505 | _aJ | ||
| 520 | _aArthur the chimp is a little worried about losing his loose tooth, until his sister and their babysitter show him the real meaning of bravery. | ||
| 521 | 8 |
_a500
_bLexile |
|
| 521 | 8 |
_aJ
_bRaz-Plus |
|
| 650 | 1 |
_aTeeth _xFiction. |
|
| 650 | 1 |
_aCourage _xFiction. |
|
| 650 | 1 |
_aSiblings _xFiction. |
|
| 650 | 1 |
_aBabysitters and babysitting _xFiction. |
|
| 650 | 1 |
_aChimpanzees _xFiction. |
|
| 906 |
_a7 _bcbu _corignew _d1 _eocip _f19 _gy-gencatlg |
||
| 942 |
_2ddc _cBK _n0 |
||
| 999 |
_c4584 _d4584 |
||